000 00325 a2200169 4500
001 182943
020 _a
040 _cMagnum
100 _aAlencar, José de
240 1 0 _aO gaúcho
_lpor
245 1 0 _aO gaúcho
300 _a190
362 0 _a1971
440 1 _aSaraiva
697 _aLITERATURA GERAL
942 _cBK
999 _c182943
_d182943